| 000 | 00470nam a22001697a 4500 | ||
|---|---|---|---|
| 005 | 20240723111704.0 | ||
| 008 | 240723b |||||||| |||| 00| 0 eng d | ||
| 020 | _a9780133987034 | ||
| 082 |
_a006.686 _bWEI-I |
||
| 100 | _aWeinmann, Elaine | ||
| 245 |
_aIllustrator CC: _bVisual QuickStart Guide / _cPeter lourekas |
||
| 260 |
_ausa: _bwiley; _c2015 |
||
| 300 |
_aiv, 472 p. : _bill; _c23 cm. |
||
| 500 | _ainclude index. | ||
| 650 | _agraphics design | ||
| 999 |
_c36182 _d36182 |
||